000 00420nam a2200169Ia 4500
008 230524s9999 xx 000 0 und d
020 _a8173666229
082 _a621.3804
_bROD
100 _aMartin S.Roden
245 0 _aAnalog and Digital Communication Systems
250 _a5th
260 _aNEW DELHI
_bShroff
_c2005
300 _aXI;572
500 _aQuantity Number: 54
650 _aElectronics
942 _cBK
999 _c26554
_d26554